000 00456nam a2200157Ia 4500
003 SGT
020 _a9788121924634
082 _a330,DEW
100 _aDEWETT, K.K.
245 _aModern economic theory
260 _bS.Chand
_aN.Delhi
_c2010
300 _a1000p.
650 _aECONOMICS
653 _aNATURE AND METHODOLOGY OF ECONOMICS,THEORY OF DEMAND,PRODUCT PRICING FACTOR PRICING,SOCIAL ACCOUNTING, THEORY OF INCOME DETERMINATION,
942 _2ddc
_cBK
999 _c5233
_d5233